000 00414nam a2200169Ia 4500
005 20240823033311.0
008 240823s9999||||xx |||||||||||||| ||und||
082 _A621.3 M7
100 _aMarimuthu
245 0 _aBasic Electrical and Electronics Engineering
250 _a1st
260 _c1987
_b"Pratheeba,Coimbatore"
500 _aYES
650 _aElectrical
_bElectrical
942 _cBK
999 _c195486
_d195486